| 000 | 00486nam a2200169Ia 4500 | ||
|---|---|---|---|
| 999 |
_c20467 _d20467 |
||
| 003 | OSt | ||
| 005 | 20201110100127.0 | ||
| 008 | 190216s9999||||xx |||||||||||||| ||und|| | ||
| 040 | _coclc | ||
| 082 |
_a808.89 _bKRI/A |
||
| 100 |
_a Kritzeck, James _96366 |
||
| 245 | 0 |
_aAnthology Of Islamic Literature / _cJames Kritzeck |
|
| 260 |
_bA Meridian Book, _c1975. _aNew york: |
||
| 300 | _a379p | ||
| 650 | _aHistory | ||
| 942 |
_cBK _2ddc _h808.89 _iKRI/A _k808.89 _mKRI/A |
||